| 000 | 00453ntaaa2200169 4500 | ||
|---|---|---|---|
| 003 | 01 | ||
| 005 | 20251027200852.0 | ||
| 008 | 0714s1973 ag 01 | ||
| 040 |
_aAR-BaBN _bspa _cAR-BaBN _eaacr _dRIC |
||
| 082 | _a222.1 R72p | ||
| 100 |
_as.n. _92840 |
||
| 245 |
_aPentateuco / _cs.n. |
||
| 260 |
_aBuenos Aires : _bYehuda, _c[ca. 1989] |
||
| 300 |
_a5 v. ; _c27 cm. |
||
| 650 |
_aBiblia-Antiguo Testamento-Pentateuco-Hebreo-Castellano _95206 |
||
| 942 | _cBK | ||
| 999 |
_c2735 _d2735 |
||